000 00991nmm a2200325 a 4500
001 ocm000621660
003 TR-IsHL
005 20201028131144.0
008 131010s1996 tu tur
007 cr cn
020 _a9789755200163
035 _a621660
_b(N$T)
050 0 4 _aHM141
_b.B68 1996
090 0 4 _aHM141
_b.B68 1996
100 1 _aBottomore, Tom B.
245 1 0 _aSeçkinler ve toplum
_h[electronic resource] /
_cTom B. Bottomore ; çev. Erol Mutlu
260 _aAnkara :
_bGündogan Yayınları,
_c1996
300 _a173 p.
650 4 _aSosyoloji
650 4 _aSociology
650 0 _aSeçkin kişiler (sosyal bilimler)
650 0 _aElite (social sciences)
650 0 _aLiderlik
650 0 _aLeadership
650 0 _aSosyal sınıflar
650 0 _aSocial classes
650 7 _aSOCIAL SCIENCE / Social Classes
_2bisacsh
700 1 _aMutlu, Erol
856 4 0 _uhttp://search.ebscohost.com/login.aspx?direct=true&scope=site&db=e011xww&AN=621660
999 _c4408
_d4408